Geometry Dash Official Levels - Statistiques

Statistiques générales
  • Ce quiz a été pris 109 fois
  • Le résultat moyen est 17 sur 22
Statistiques - réponses
Hint Réponse % Correct
Easy Stereo Madness
99%
Easy Back On Track
86%
Normal Polargeist
85%
Harder Time Machine
85%
Hard Can't Let Go
84%
Hard Demon Clubstep
84%
Harder Jumper
84%
Harder Cycles
83%
Insane Theory Of Everything
83%
Hard Demon Theory Of Everything 2
83%
Insane X-Step
83%
Insane Clutterfunk
80%
Normal Dry Out
80%
Hard Base After Base
79%
Hard Demon Deadlocked
79%
Insane Electrodynamix
79%
Insane Dash
73%
Insane Fingerdash
73%
Insane Electroman Adventures
70%
Harder Geometrical Dominator
65%
Insane Hexagon Force
63%
Harder Blast Processing
49%
Aucun quiz correspondant
Distribution des résultats
% des personnes avec chaque résultat
Percentile par nombre de réponses
Votre historique - résultats
Vous n’avez pas pris ce quiz